Konkurenčné aspekty a analýza zahraničného obchodu ovčích komodít po vstupe Slovenska do EÚ

Výpočet ukazovateľov konkurencieschopnosti ovčích komodít v roku 2003, 2004, 2005. Vývojové tendencie v odvetví chovu oviec v Slovenskej republike po vstupe do EÚ.

Na minha lista:
Detalhes bibliográficos
Autor principal: Hudáková, Ivana, 1976-
Formato: Capítulo de Livro
Idioma:eslovaco
Assuntos:
Tags: Adicionar Tag
Sem tags, seja o primeiro a adicionar uma tag!

MARC

LEADER 00000naa$a2200000$$$4500
001 0076485
005 20240502071908.5
041 0 |a slo 
044 |a SK 
245 1 0 |a Konkurenčné aspekty a analýza zahraničného obchodu ovčích komodít po vstupe Slovenska do EÚ  |c Ivana Hudáková 
520 |a Výpočet ukazovateľov konkurencieschopnosti ovčích komodít v roku 2003, 2004, 2005. Vývojové tendencie v odvetví chovu oviec v Slovenskej republike po vstupe do EÚ. 
610 2 0 |a ovčiarstvo 
610 2 0 |a chov zvierat 
610 2 0 |a komodity 
610 2 0 |a obchod zahraničný 
610 2 0 |a konkurencieschopnosť 
610 2 0 |a ukazovatele 
610 2 0 |a Slovensko 
610 2 0 |a Európska únia 
100 1 |a Hudáková, Ivana, 1976-